| 000 | 01043nam a2200313 i 4500 | ||
|---|---|---|---|
| 001 | 000029059 | ||
| 003 | DO-SdBNP | ||
| 005 | 20240725103927.0 | ||
| 007 | ta | ||
| 008 | 110413s1983 sp 000 0 spa d | ||
| 020 | _a8475390722, tomo 2 | ||
| 020 | _a8475390714, tomo 1 | ||
| 020 | _a8475390730, tomo 3 | ||
| 040 |
_aDO-SdBNP _bspa _cBNPHU _erda |
||
| 082 | 4 |
_a463 _bD545 _222 |
|
| 245 | 0 | 0 |
_aDiccionario Asuri de la lengua española / _cprólogo, Antonio Tovar. |
| 264 |
_aBilbao, España : _bAsuri de Ediciones, S. A., _c©1983. |
||
| 300 |
_a3 volumes ; _b26 cm |
||
| 336 |
_2rdacontent _atexto _btxt |
||
| 337 |
_2rdamedia _asin mediación _bn |
||
| 338 |
_2rdacarrier _avolumen _bnc |
||
| 500 | _a-63+9+ La biblioteca posee el tomo 1, 2 y 3 | ||
| 590 | _aInventariado, 2024/DG | ||
| 650 | 4 |
_aLengua española _xDiccionarios _986127 |
|
| 700 | 1 |
_aTovar, Antonio, _eprólogo _952074 _d1911-1985 |
|
| 710 |
_aAsuri de Ediciones _986165 |
||
| 910 | _aDG. Validado. Control de Calidad/MAA | ||
| 942 |
_2ddc _cLBS1 |
||
| 999 |
_c28551 _d28551 |
||